000 00626nam a2200229Ia 4500
003 OSt
005 20220918204841.0
006 a|||||r|||| 00| 0
007 ta
008 220917b |||||||| |||| 00| 0 eng d
024 _a114,424
037 _cTextual
040 _aARTS
_cARTS
_beng
041 _2eng
_aeng
082 _aV58:19wM84, K7
100 _aMaisky Ivan
_9113338
245 0 _aMemoirs of a soviet ambassador
_b the war 1939-43 tr from the Russian by Andrew Rothstein
260 _c1967
650 _aHISTORY
942 _hV58:19wM84, K7
_cTEXL
_2CC
999 _c237755
_d237755